Grenzen Überqueren Afrika - Statistiken

Allgemein
  • Dieses Quiz wurde 93 mal gespielt
  • Das Durchschnittsergebnis liegt bei 14 aus 16
Antwortstatistiken
Starte in Reisen Land % Korrekt
Tunesien West Algerien
100%
Togo Ost Benin
100%
Gambia Nord / Ost / Süd Senegal
97%
Eritrea Süd Äthiopien
92%
Äquatorialguinea Nord Kamerun
91%
Gabun Ost Kongo
91%
Burundi Nord Ruanda
89%
Lesotho Alle Richtungen Südafrika
89%
Tschad Süd Zentralafrikanische Republik
87%
Kamerun West Nigeria
86%
Angola Süd Namibia
85%
Niger Ost Tschad
85%
Ruanda West Demokratische Republik Kongo
81%
Swasiland Ost Mosambik
81%
Mosambik Ost Madagaskar
77%
Ghana Nord Burkina Faso
73%
Keine übereinstimmenden Quizze gefunden
Verteilung der Resultate
Anzahl Personen mit jedem Resultat
Perzentil nach korrekt beantworteten Fragen
Ihre Resultats-Entwicklung
Sie haben dieses Quiz noch nicht gespielt